Дождик и художник (Запись № 10561699)

Подробности
000 -МАРКЕР
контрольное поле 02128ncm0a2200433 4500
001 - ИДЕНТИФИКАТОР ЗАПИСИ
контрольное поле RU\NLR\ONIZ\212958
005 - ИДЕНТИФИКАТОР ВЕРСИИ
контрольное поле 20250624195825.0
035 ## - ДРУГИЕ СИСТЕМНЫЕ НОМЕРА
Идентификатор записи (NLR Aleph) 010892446
071 20 - ИЗДАТЕЛЬСКИЙ НОМЕР
Номер, присвоенный агентством с 3372 к
100 ## - ДАННЫЕ ОБЩЕЙ ОБРАБОТКИ
Данные общей обработки 20151105d2003 |||y0rusy50 ca
101 0# - ЯЗЫК РЕСУРСА
Язык текста, звукозаписи и т.д. русский
102 ## - СТРАНА ПУБЛИКАЦИИ ИЛИ ПРОИЗВОДСТВА
Страна публикации Российская Федерация
125 ## - ПОЛЕ КОДИРОВАННЫХ ДАННЫХ: ЗВУКОЗАПИСИ И НОТНЫЕ ИЗДАНИЯ
Форма изложения нотного текста ax
200 1# - ЗАГЛАВИЕ И СВЕДЕНИЯ ОБ ОТВЕТСТВЕННОСТИ
Основное заглавие Дождик и художник
Общее обозначение материала Ноты
Сведения, относящиеся к заглавию песни для дет. хора с сопровожд. [фп.]
Первые сведения об ответственности Д. Жученко
210 ## - ПУБЛИКАЦИЯ, РАСПРОСТРАНЕНИЕ И ДР.
Место издания, распространения и т.д. Санкт-Петербург
Имя издателя, распространителя и т. д. Композитор - Санкт-Петербург
Дата издания, распространения и т.д. 2003
215 ## - ФИЗИЧЕСКАЯ ХАРАКТЕРИСТИКА
Специфическое обозначение материала и объем 32 с.
Размеры 29 см
327 1# - ПРИМЕЧАНИЯ О СОДЕРЖАНИИ
Текст примечания 1. Дождик и художник; 2. Бабушка-метель; 3. Охотник; 4. У ручья: по мотивам стихотворения Г. Новицкой; 5. На рыбалку; 6. День апрельский; 7. Дуэт / сл. Н. Хрущёвой (1, 3), С. Красновой (2, 6), Дм. Жученко (5), Ф. Тютчева (7)
606 1# - НАИМЕНОВАНИЕ ТЕМЫ КАК ПРЕДМЕТ
Наименование темы Песни для детского хора
Географический подзаголовок Россия
Хронологический подзаголовок 20-21 вв.
Формальный подзаголовок Ноты
Код системы nlr_sh
686 ## - ИНДЕКСЫ ДРУГИХ КЛАССИФИКАЦИЙ
Индекс Щ941.8-42я44(2Р=Рус)
Издание LBC/SL
Код системы
686 ## - ИНДЕКСЫ ДРУГИХ КЛАССИФИКАЦИЙ
Индекс Щ984.22я44(2Р=Рус)
Издание LBC/SL
Код системы
700 #1 - ИМЯ ЛИЦА - ПЕРВИЧНАЯ ОТВЕТСТВЕННОСТЬ
Системный номер авторитетной/нормативной записи z01790
Начальный элемент ввода Жученко
Часть имени, кроме начального элемента ввода Д. О.
Даты 1965-
Расширение инициалов личного имени Дмитрий Олегович
Код отношения Композитор
702 #1 - ИМЯ ЛИЦА - ВТОРИЧНАЯ ОТВЕТСТВЕННОСТЬ
Системный номер авторитетной/нормативной записи z02790
Начальный элемент ввода Хрущёва
Часть имени, кроме начального элемента ввода Н.
Расширение инициалов личного имени Наталья
Код отношения Лирик
702 #1 - ИМЯ ЛИЦА - ВТОРИЧНАЯ ОТВЕТСТВЕННОСТЬ
Системный номер авторитетной/нормативной записи z03790
Начальный элемент ввода Тютчев
Часть имени, кроме начального элемента ввода Ф.И.
Даты 1803-1873
Расширение инициалов личного имени Федор Иванович
Код отношения Лирик
Графика поля Кириллица
702 #1 - ИМЯ ЛИЦА - ВТОРИЧНАЯ ОТВЕТСТВЕННОСТЬ
Системный номер авторитетной/нормативной записи z04790
Начальный элемент ввода Краснова
Часть имени, кроме начального элемента ввода С.
Код отношения Лирик
702 #1 - ИМЯ ЛИЦА - ВТОРИЧНАЯ ОТВЕТСТВЕННОСТЬ
Системный номер авторитетной/нормативной записи z05790
Начальный элемент ввода Новицкая
Часть имени, кроме начального элемента ввода Г. М.
Даты 1933-2000
Расширение инициалов личного имени Галина Михайловна
Код отношения Лирик
790 #1 - ИМЯ ЛИЦА - АЛЬТЕРНАТИВНАЯ ФОРМА
Системный номер авторитетной/нормативной записи z01700
Начальный элемент ввода Zhuchenko
Часть имени, кроме начального элемента ввода D.
Даты 1965-
Расширение инициалов личного имени Dmitrij
Код отношения Композитор
790 #1 - ИМЯ ЛИЦА - АЛЬТЕРНАТИВНАЯ ФОРМА
Системный номер авторитетной/нормативной записи z02702
Начальный элемент ввода Xrushhyova
Часть имени, кроме начального элемента ввода N.
Расширение инициалов личного имени Natal`ya
Код отношения Лирик
790 #1 - ИМЯ ЛИЦА - АЛЬТЕРНАТИВНАЯ ФОРМА
Системный номер авторитетной/нормативной записи z03702
Начальный элемент ввода Tyutchev
Часть имени, кроме начального элемента ввода F. I.
Даты 1803-1873
Расширение инициалов личного имени Fyodor Ivanovich
Код отношения Лирик
Графика поля Латинская
790 #1 - ИМЯ ЛИЦА - АЛЬТЕРНАТИВНАЯ ФОРМА
Системный номер авторитетной/нормативной записи z04702
Начальный элемент ввода Krasnova
Часть имени, кроме начального элемента ввода S.
Код отношения Лирик
790 #1 - ИМЯ ЛИЦА - АЛЬТЕРНАТИВНАЯ ФОРМА
Системный номер авторитетной/нормативной записи z05702
Начальный элемент ввода Noviczkaya
Часть имени, кроме начального элемента ввода G.
Даты 1933-2000
Расширение инициалов личного имени Galina
Код отношения Лирик
801 #0 - ИСТОЧНИК ЗАПИСИ
Страна Российская Федерация
Организация NLR
Дата составления 20151105
Правила каталогизации PSBO
801 #1 - ИСТОЧНИК ЗАПИСИ
Страна Российская Федерация
Организация NLR
Дата составления 20151105
Источник данных rusmarc
801 #2 - ИСТОЧНИК ЗАПИСИ
Страна Российская Федерация
Организация NLR
Дата составления 20151112
852 ## - МЕСТОНАХОЖДЕНИЕ И ШИФР ХРАНЕНИЯ
Идентификатор организации NLR
Наименование фонда или коллекции (Sub-Location Identifier) М
Шифр хранения (Call Number) К-3/27531
Страна
Номер экземпляра 1
942 ## - ДОПОЛНИТЕЛЬНЫЕ ЭЛЕМЕНТЫ ЗАПИСИ (АБИС)
Тип экземпляра АБИС Ноты
980 ## - КОЛЛЕКЦИЯ
Название коллекции Национальная библиография
980 ## - КОЛЛЕКЦИЯ
Название коллекции Отдел нот и звукозаписей
Экземпляры
Тип экземпляра Дата поступления Библиотека постоянного хранения Библиотека текущего хранения Место хранения Шифр хранения Статус экземпляра
Ноты 05.11.2015 РНБ (Московский) РНБ (Московский) Фонд нот и звукозаписей К-3/27531 К-3/27531